Lingue di Duolingo - Statistics

Statistiche generali
  • Questo quiz è stato fatto 51 volte
  • Il punteggio medio è 25 su 41
Statistiche sulle risposte
Studenti Lingua % Corretto
8,46mln Arabo
100%
24,4mln Giapponese
100%
21,8mln Inglese
100%
6,13mln Portoghese
100%
9,81mln Russo
100%
48,8mln Spagnolo
100%
11,8mln Cinese
98%
27,2mln Francese
98%
13,4mln Italiano
96%
19,0mln Tedesco
96%
1,79mln Norvegese (bokmål)
83%
2,65mln Polacco
83%
2,37mln Svedese
83%
1,11mln Danese
80%
1,17mln Finlandese
80%
3,0mln Greco
80%
5,0mln Turco
76%
1,42mln Ucraino
76%
17,8mln Coreano
74%
3,33mln Olandese
72%
1,18mln Rumeno
70%
11,7mln Hindi
67%
731,000 Ungherese
65%
1,42mln Indonesiano
52%
739,000 Swahili
50%
989,000 Ceco
48%
1,91mln Irlandese
46%
2,33 Latino
46%
2,72mln Vietnamita
46%
1,65mln Ebraico
30%
1,20mln Catalano
28%
423,000 Esperanto
22%
641,000 Gaelico Scozzese
22%
756,000 Gallese
17%
364,000 Navajo
15%
592,000 Creolo Haitiano
13%
903,000 Zulu
13%
359,000 Yiddish
11%
887,000 Hawaiano
9%
402,000 Klingon
7%
1,55mln Alto Valyriano
2%
Nessun quiz corrispondente trovato
Distribuzione punteggi
Percentuale di utenti per punteggio
Percentile per numero di risposta
I tuoi punteggi nel tempo
Non hai fatto questo quiz